000 02172ncm0a2200409 4500
001 RU\NLR\ONIZ\215555
005 20250626044944.0
013 _a979-0-706380-01-8
021 _aRU
_b11-212н
_911-18н
035 _aRU\NLR\ONIZ\lanatalya\5000004484\20161113150304
035 _a(NLR Aleph) 011337911
071 2 0 _a08159
090 _a11174024
_c11174024
100 _a20120211d2011 |||y0rusy50 ca
101 0 _aeng
_arus
_feng
102 _aRU
125 _axx
200 1 _aВенгерские танцы
_bНоты
_dHungarian dances
_fИ. Брамс
_gобраб. для скрипки и фп. Й. Иоахима и Ф. Крейслера
_zeng
210 _aМосква
_cМузыка
_d2011
215 _a39 с., 1 парт.(16 с.)
_d30 см
313 _aСистематизация документа проведена по изданию - Методика классифицирования музыкальных произведений (нотных изданий) по таблицам Библиотечно-библиографических классификаций : метод. рекомендации / Гос. б-ка СССР им. В.И. Ленина.- М., 1977. Индексу ББК методических рекомендаций присваивается код ББК для научных библиотек - LBC/SL
686 _aЩ955.4-42-095-058.55(4Г)
_vLBC/SL
_2rubbk
700 1 _9z01790
_aБрамс
_bИ.
_f1833-1897
_gИоганнес
_4230
_7ca
702 1 _9z02790
_aИоахим
_bЙ.
_cскрипка
_f1831-1907
_gЙозеф
_4030
702 1 _9z03790
_aКрейслер
_bФ.
_cскрипка
_f1875-1962
_gФриц
_4030
_7ca
790 1 _9z01700
_aBrahms
_bJ.
_f1833-1897
_gJohannes
_4230
_7ba
790 1 _9z02702
_aJoachim
_bJ.
_f1831-1907
_gJoseph
_4030
790 1 _9z03702
_aKreisler
_bF.
_f1875-1962
_gFritz
_4030
_7ba
801 0 _aRU
_bNLR
_c20120211
_gPSBO
801 1 _aRU
_bNLR
_c20120211
_2rusmarc
801 2 _aRU
_bNLR
_c20190921
852 _aNLR
_bМ
_jК-3/28205
_pМОЭ 2011-18н/212н
_t1
852 _aNLR
_bМ
_jК-3/28205а
_pМОЭ 2011-18н/212на
_t2
942 _cSCORE
980 _aNB
980 _aONIZ